Gaming Quiz

Random Gaming or Video Games Quiz

Valve Games Quiz Stats

 Plays Quiz Updated Mar 29, 2021

Support Sporcle.
Go Orange.
Score 0/25 Timer 06:00
4 Plays Today
# Game Name % Correct
1998Half-Life
93.8%
2004Half-Life 2
91.4%
2007Portal
87.2%
2011Portal 2
84.2%
1999Team Fortress Classic
77.4%
2007Team Fortress 2
76.6%
2020Half-Life: Alyx
69.5%
2000Counter-Strike
66.9%
2008Left 4 Dead
62%
2009Left 4 Dead 2
60.6%
2007Half-Life 2: Episode Two
54.8%
2006Half-Life 2: Episode One
51.9%
2004Counter-Strike: Source
48.7%
# Game Name % Correct
2018Artifact
32%
2003Day of Defeat
28.8%
2000Ricochet
21.1%
2005Day of Defeat: Source
20.8%
2004Counter-Strike: Condition Zero
20.6%
2005Half-Life 2: Lost Coast
18.8%
2004Half-Life: Source
18.7%
2004Half-Life 2: Deathmatch
17.3%
2016The Lab
17.2%
2010Alien Swarm
14.4%
2000Deathmatch Classic
12.3%
2005Half-Life Deathmatch: Source
6.8%

From the Vault

Presidential Names

by hscer

History 12m
Please try to remember that Dwayne Elizondo Mountain Dew Herbert Camacho was not an actual US President.
Remove Ads.
Support Sporcle.
Get the best of Sporcle when you Go Orange. This ad-free experience offers more features, more stats, and more fun while also helping to support Sporcle. Thank you for becoming a member.

Show Comments

Extras

Top Quizzes Today


Score Distribution

Your Account Isn't Verified!

In order to create a playlist on Sporcle, you need to verify the email address you used during registration. Go to your Sporcle Settings to finish the process.

Report this User

Report this user for behavior that violates our Community Guidelines.

Details: